• 首页
  • 本馆介绍
  • 公告通知
  • 最新文献
  • 馆藏检索
  • 电子资源
  • 读者导购
  • 参考咨询
  • 我的图书馆
  • 登录
  • 详细信息显示
  • 放入我的书架
  • 预约/预借图书
  • 作者相关作品
  • 分类相关作品
  • 丛书相关作品
  • 出版社相关作品

书目信息

  • 表格格式
  • 工作单格式
  • 卡片格式
题名:
图书馆参考咨询工作基础
    
 
作者: 蔡莉静 主编
分册:  
出版信息: 北京   海洋出版社  2013
页数: 276页
开本: 23cm
丛书名:
单 册:
中图分类: G252.6
科图分类:
主题词: 图书馆工作--教材--参考咨询--业务培训 , 图书馆工作 , 参考咨询
电子资源:
ISBN: 978-7-5027-8593-2
000 01122nam0 2200265 450
001 2953
005 20161207085531.87
010    @a978-7-5027-8593-2@dCNY36.00
090    @aG252@bclj
100    @a20140429d2013 em y0chiy50 ea
101 0  @achi
102    @aCN@b110000
105    @ay z 000yy
200 1  @a图书馆参考咨询工作基础@9tu shu guan can kao zi xun gong zuo ji chu@f蔡莉静主编
210    @a北京@c海洋出版社@d2013
215    @a276页@d23cm
300    @a新媒体环境下图书馆业务培训教程
330    @a本书从图书馆参考咨询工作概论入手,对图书馆参考咨询的基础工作进行了论述,包括参考咨询服务形式、参考咨询服务内容、参考咨询工作程序等。以美国参考咨询人员的现状为基础,论述了我国图书馆参考咨询人员的基本素质和基本条件。介绍了国内外常用的参考咨询信息源,以及参考咨询工作的组织机构和业务管理工作,同时提出了网络环境下图书馆参考咨询工作的具体方法。
606 0  @a图书馆工作@j教材@x参考咨询@x业务培训
606 0  @a图书馆工作
606 0  @a参考咨询
690    @aG252.6@v5
701  0 @a蔡莉静@9cai li jing@c(女,@f1963~)@4主编
801  0 @aCN@b大连网信软件有限公司图书馆·11@c20161207
905    @aZUCC@dG252.6@e101
    
    图书馆参考咨询工作基础/蔡莉静主编.-北京:海洋出版社,2013
    276页;23cm
    新媒体环境下图书馆业务培训教程
    
    ISBN 978-7-5027-8593-2:CNY36.00
    本书从图书馆参考咨询工作概论入手,对图书馆参考咨询的基础工作进行了论述,包括参考咨询服务形式、参考咨询服务内容、参考咨询工作程序等。以美国参考咨询人员的现状为基础,论述了我国图书馆参考咨询人员的基本素质和基本条件。介绍了国内外常用的参考咨询信息源,以及参考咨询工作的组织机构和业务管理工作,同时提出了网络环境下图书馆参考咨询工作的具体方法。
●
相关链接 在E读中查询图书 在五车中查询图书 在当当中查询图书 在豆瓣中查询图书


正题名:图书馆参考咨询工作基础     索取号:G252.6/101         预约/预借

序号 登录号 条形码 馆藏地/架位号 状态 备注
1 912267   209122670   第一样本阅览室/ [索取号:G252.6/101] 在馆    
2 912268   209122689   第四借阅区/ [索取号:G252.6/101] 在馆    
3 912269   209122698   第四借阅区/ [索取号:G252.6/101] 在馆    
4 912270   209122705   第四借阅区/ [索取号:G252.6/101] 在馆    
唐山师范学院图书馆 欢迎您!
大连网信软件有限公司© 版权所有